Vlastiveda pre 5. ročník základnej devätročnej školy pre nepočujúcich /

Uložené v:
Podrobná bibliografia
Hlavní autori: Majerčáková, Mária (Author), Sabadoš, Pavol, 1922-2003 (Author)
Ďalší autori: Schurmann, Ivan, 1935- (Illustrator)
Médium: Kniha
Jazyk:Slovak
Vydané: Bratislava : Slovenské pedagogické nakladateľstvo, 1977.
Vydanie:2. vyd.
ISBN: (viaz.)
Fyzický popis: 125 s.
Tagy: Pridať tag
Žiadne tagy, Buďte prvý kto otaguje tento záznam!

MARC

LEADER 00000nam a2200000 a 4500
001 000171852
005 20100812175356.0
008 040101s1977 xo e slood
020 |a (viaz.)  |c Kčs 14,00 
040 |a SVKKK  |b slo  |c SVKKK  |e AACR2 
041 0 |a slo 
044 |a xo  |c SK 
100 1 |a Majerčáková, Mária  |4 aut 
245 1 0 |a Vlastiveda pre 5. ročník základnej devätročnej školy pre nepočujúcich /  |c Mária Majerčáková, Pavol Sabadoš ; ilustr. Ivan Schurmann. 
250 |a 2. vyd. 
260 |a Bratislava :  |b Slovenské pedagogické nakladateľstvo,  |c 1977. 
300 |a 125 s. 
700 1 |a Sabadoš, Pavol,  |d 1922-2003  |4 aut 
700 1 |a Schurmann, Ivan,  |d 1935-  |4 ill 
910 |a svkkk 
998 |a BK 
090 |g SCKHL  |k Sklad Pribinova 1. posch.  |a IV.88979  |j 560619  |i 171852-10  |s Absenčne